000 00839nab a2200241 u 4500
001 19649
003 HDC
007 cr bn ---aaaaa
008 210302c |r|noo 0 a d
040 _aHDC
245 0 _aGOING VEGAN? SHOP THESE 10 CRUELTY-FREE MAKEUP BRANDSCREATES BOARD TO PROMOTE HALAL EXPORTS /
260 _a[No place] :
_b[publisher not identified],
_c2017
336 _atext
_2rdacontent
337 _acomputer
_2rdamedia
338 _aonline resource
_2rdacarrier
650 _aCosmetic product
_95346
650 _aMakeup brand
_918012
710 _aMANCHESTER CONFIDENTIAL
856 _zRequest full-text at [email protected]
942 _2lcc
942 _cNEWS
942 _kNWSO 009797
999 _c16965
_d16965